Madonna - Sky Fits Heaven - Lyrics - Statistics

General Stats
  • This quiz has been taken 6 times
  • The average score is 173 of 233
Answer Stats
Answer % Correct
fits
100%
fly
100%
heaven
100%
I
100%
it
100%
Sky
100%
so
100%
a
75%
And
75%
as
75%
baby
75%
be
75%
Child
75%
could
75%
down
75%
everyone
75%
follow
75%
future
75%
go
75%
go?
75%
good
75%
heart
75%
hold
75%
I'll
75%
It's
75%
just
75%
light
75%
Love
75%
man
75%
me
75%
mother
75%
my
75%
on
75%
own
75%
place
75%
prophet
75%
road
75%
said
75%
signs
75%
start
75%
sun
75%
That's
75%
the
75%
think
75%
this
75%
tight
75%
to
75%
Travelling
75%
travelling
75%
very
75%
virtue
75%
Watchin
75%
Watching
75%
watching
75%
what
75%
wise
75%
your
75%
Fate
50%
I'm
50%
Isn't
50%
karma
50%
Life
50%
our
50%
see
50%
their
50%
they
50%
use
50%
will
50%
Gospel
25%
how
25%
judgments
25%
living
25%
giving
0%
Hands
0%
let
0%
No matching quizzes found
Score Distribution
Percent of People with Each Score
Percentile by Number Answered
Your Score History
You have not taken this quiz